00527nam a22002057a 450000500170000001000130001702000100003003500130004003700160005304000120006908200130008110000130009424500850010726000300019227000250022230000210024750000190026865000150028765000190030220170124110041.0 aA-812947 c00.00 aA-812947 bCen Lib/Ret aDPLbEN a884bATM aAtma Ram aMorality in tess and other essays :cby Atma Rambin honour of Mulk Raj Anand / aDelhibSterling Publisher aDelhibDelhie110007 a110p. c20cm(Hb) aIncludes index aMoralities aAuthors, Indic